Score 0/40 Timer 03:00
0 Plays Today
% Correct
Private
96.6%
Where
94.6%
Edward
94.5%
Bourne
93.2%
Wedding
92.2%
Jump
91.8%
Time
89.4%
Joe
88.7%
Misérables
88.5%
Green
86.7%
Bought
85.9%
Van
84.6%
Stare
84.1%
Air
83.8%
About
80.7%
Playbook
80.3%
Gilbert
79.6%
Maybe
79.4%
Finding
74.6%
Are
71.8%
% Correct
Stand
66.1%
Hangover
64.9%
Crashers
61.4%
Carter
59.7%
Man
58.1%
Dear
55.7%
Lawyer
55.2%
Grimm
55.2%
Corpse
52.8%
Michael
52.2%
Aces
50.6%
Grit
49.1%
Rise
47.6%
Hit
45.7%
Fire
41.9%
Kids
38.7%
Amityville
36.9%
Trinity
28%
Steel
27.3%
Killer
7.7%

Today's Daily Dose

Remove Ads.
Support Sporcle.
Get the best of Sporcle when you Go Orange. This ad-free experience offers more features, more stats, and more fun while also helping to support Sporcle. Thank you for becoming a member.

You're not logged in!

Compare scores with friends on all Sporcle quizzes.
OR
Log In

Show Comments

Extras

Top Quizzes Today


Score Distribution

Your Account Isn't Verified!

In order to create a playlist on Sporcle, you need to verify the email address you used during registration. Go to your Sporcle Settings to finish the process.

Report this User

Report this user for behavior that violates our Community Guidelines.

Details: